Climate adaptation futures (Record no. 83590)

MARC details
000 -LEADER
fixed length control field 00875 a2200265 4500
003 - CONTROL NUMBER IDENTIFIER
control field CBULib
005 - DATE AND TIME OF LATEST TRANSACTION
control field 20231208123056.0
008 - FIXED-LENGTH DATA ELEMENTS--GENERAL INFORMATION
fixed length control field 231208b |||||||| |||| 00| 0 eng d
020 ## - INTERNATIONAL STANDARD BOOK NUMBER
International Standard Book Number 9780470674963
040 ## - CATALOGING SOURCE
Language of cataloging English
Transcribing agency CBULib
Description conventions rda
041 ## - LANGUAGE CODE
Language code of text/sound track or separate title eng
050 ## - LIBRARY OF CONGRESS CALL NUMBER
Classification number QC 903 Pal
100 1# - MAIN ENTRY--PERSONAL NAME
Personal name Palutikof, J. P.
9 (RLIN) 1321
245 ## - TITLE STATEMENT
Title Climate adaptation futures
Statement of responsibility, etc / by Jean Palutikof, Sarah L; Boulter, Andrew J. Ash; Mark Stafford Smith; M. L. Parry; Marie Waschka; and Daniela Guitart
260 ## - PUBLICATION, DISTRIBUTION, ETC. (IMPRINT)
Name of publisher, distributor, etc Wiley-Blackwell,
Date of publication, distribution, etc 2013
Place of publication, distribution, etc Oxford :
300 ## - PHYSICAL DESCRIPTION
Extent xi, 374 pages
336 ## - CONTENT TYPE
Source rdacontent
Content type term Text |
Content type code txt
337 ## - MEDIA TYPE
Source rdamedia
Media type term Unmediated |
Media type code n
338 ## - CARRIER TYPE
Source rdacarrier
Carrier type term Volume
Carrier type code nc
504 ## - BIBLIOGRAPHY, ETC. NOTE
Bibliography, etc Includes an index
650 #0 - SUBJECT ADDED ENTRY--TOPICAL TERM
9 (RLIN) 1322
Topical term or geographic name as entry element CHANGEMENT GLOBAL (ENVIRONMENT)
650 #0 - SUBJECT ADDED ENTRY--TOPICAL TERM
9 (RLIN) 1323
Topical term or geographic name as entry element CLIMATIC CHANGES
650 #0 - SUBJECT ADDED ENTRY--TOPICAL TERM
9 (RLIN) 1324
Topical term or geographic name as entry element ENVIRONMENTAL POLICY
942 ## - ADDED ENTRY ELEMENTS (KOHA)
Source of classification or shelving scheme
Koha item type MONOGRAPH
Holdings
Withdrawn status Lost status Source of classification or shelving scheme Damaged status Not for loan Collection code Permanent Location Current Location Shelving location Date acquired Source of acquisition Cost, normal purchase price Full call number Barcode Date last seen Copy number Price effective from Koha item type
          Michael Chilufya Sata Collection CBU-MICHAEL CHILUFYA SATA LIBRARY CBU-MAIN LIBRARY, KITWE. General Stacks 12/08/2023 Book Aid International 100.45 QC 903 Pal 905526 12/08/2023 1 12/08/2023 MONOGRAPH
          Michael Chilufya Sata Collection CBU-MICHAEL CHILUFYA SATA LIBRARY CBU-MAIN LIBRARY, KITWE. General Stacks 12/08/2023 Book Aid International 100.45 QC 903 Pal 905527 12/08/2023 2 12/08/2023 MONOGRAPH
          Medical Library Collection CBU-SCHOOL OF MEDICINE LIBRARY, NDOLA. CBU-MAIN LIBRARY, KITWE. General Stacks 12/08/2023 Book Aid International 100.45 QC 903 Pal 905528 12/08/2023 3 12/08/2023 MONOGRAPH
          Medical Library Collection CBU-SCHOOL OF MEDICINE LIBRARY, NDOLA. CBU-MAIN LIBRARY, KITWE. General Stacks 12/08/2023 Book Aid International 100.45 QC 903 Pal 905529 12/08/2023 4 12/08/2023 MONOGRAPH